Flagi państw amerykańskich - nagła śmierć - Statystyki

Ogólne statystyki
  • Ten quiz został rozwiązany 8 207 razy
  • Średni wynik to 21 z 35
Answers on the Grid
Answers color-coded by a green-red scale on the quiz's grid according to % correct below.
 
Statystyki odpowiedzi
Odpowiedź % Poprawnych
Stany Zjednoczone
97%
Wenezuela
91%
Panama
82%
Ekwador
80%
Dominikana
80%
Urugwaj
79%
Argentyna
76%
Kanada
74%
Chile
66%
Honduras
65%
Jamajka
65%
Brazylia
65%
Kolumbia
63%
Meksyk
63%
Salwador
62%
Saint Lucia
61%
Kuba
60%
Haiti
59%
Barbados
58%
Gwatemala
56%
Antigua i Barbuda
53%
Paragwaj
52%
Peru
51%
Trynidad i Tobago
49%
Nikaragua
49%
Dominika
47%
Kostaryka
47%
Boliwia
46%
Belize
46%
Saint Vincent i Grenadyny
44%
Surinam
43%
Gujana
41%
Bahamy
40%
Grenada
35%
Saint Kitts i Nevis
33%
Nie znaleziono quizów pasujących do podanych kryteriów
Rozkład punktacji
Procent ludzi z każdym wynikiem
Percentyl według liczby udzielonych odpowiedzi
Twoja historia wyników
Nie rozwiązałeś tego quizu